[Event "Gatineau op"]
[Site "Gatineau"]
[Date "2014.03.02"]
[Round "4"]
[White "Pilotte, Benoit"]
[Black "Jobin, Gilles G"]
[Result "1-0"]
[WhiteElo "1812"]
[BlackElo "1896"]
[PlyCount "83"]
[EventDate "2014.01.28"]
[EventType "swiss"]
[EventRounds "5"]
[EventCountry "CAN"]
[SourceTitle "EXT 2015"]
[Source "ChessBase"]
[SourceDate "2014.11.20"]
[SourceVersion "1"]
[SourceVersionDate "2014.11.20"]
[SourceQuality "1"]

1. g4 d5 2. Bg2 c6 3. h3 e5 4. d4 e4 5. c4 Be6 6. Nc3 Be7 7. Qb3 Qb6 8. Qxb6 axb6 9. cxd5 Bxd5 10. Bxe4 Bxe4 11. Nxe4 Nf6 12. Nxf6+ Bxf6 13. Nf3 Ra4 14. b3 Ra6 15. g5 Be7 16. 0-0 Ba3 17. Ne5 Nd7 18. f4 Nxe5 19. fxe5 Ke7 20. Bxa3+ Rxa3 21. Rf2 Rha8 22. Raf1 Rf8 23. e4 Ke6 24. h4 Rd8 25. Rxf7 Rxd4 26. Rxg7 Rxe4 27. Rxh7 Rg4+ 28. Kh2 Rxa2+ 29. Kh3 Rgg2 30. Rxb7 Kxe5 31. Rxb6 Rgb2 32. Rc1 Rc2 33. Rxc6 Rg2 34. R1c3 Kf4 35. Rf6+ Ke5 36. Re3+ Kd4 37. Rg3 Rh2+ 38. Kg4 Ra8 39. h5 Ke4 40. g6 Ke5 41. Rf5+ Ke4 42. Rf4+ 1-0

[Event "Montreal Mercredi 01"]
[Site "Montreal"]
[Date "2013.01.16"]
[Round "2"]
[White "Gates, Claude Eric"]
[Black "Pilotte, Benoit"]
[Result "1-0"]
[WhiteElo "1761"]
[BlackElo "1804"]
[PlyCount "79"]
[EventDate "2013.01.09"]
[EventType "swiss"]
[EventRounds "5"]
[EventCountry "CAN"]
[SourceTitle "EXT 2014"]
[Source "ChessBase"]
[SourceDate "2013.11.20"]
[SourceVersion "1"]
[SourceVersionDate "2013.11.20"]
[SourceQuality "1"]

1. d4 d6 2. Nf3 g6 3. Bf4 Bg7 4. e3 a6 5. Be2 e6 6. 0-0 b6 7. c4 Nd7 8. Nc3 h6 9. e4 Bb7 10. Re1 g5 11. Be3 Ngf6 12. d5 Qe7 13. Nd4 Nc5 14. Bf3 g4 15. Bxg4 Nxg4 16. Qxg4 Bxd4 17. Bxd4 e5 18. Bxc5 bxc5 19. f4 exf4 20. Qxf4 f6 21. Rf1 Rf8 22. a3 Qg7 23. Rf3 Qg5 24. b4 cxb4 25. axb4 Ke7 26. Ne2 Rg8 27. Qxg5 Rxg5 28. Nd4 Re5 29. Rf4 Re8 30. Kf2 Kd7 31. Re1 c6 32. dxc6+ Bxc6 33. Nxc6 Kxc6 34. Ke3 f5 35. Kd4 h5 36. Re3 R8e7 37. Rxf5 Rxf5 38. exf5 Rf7 39. Rf3 Rf6 40. Rf4 1-0

[Event "Trois-Rivieres Mauricie op"]
[Site "Trois Rivieres"]
[Date "2011.03.20"]
[Round "3"]
[White "Morin, Louis"]
[Black "Pilotte, Benoit"]
[Result "1/2-1/2"]
[WhiteElo "1891"]
[BlackElo "1782"]
[PlyCount "140"]
[EventDate "2011.03.18"]
[EventType "swiss"]
[EventRounds "5"]
[EventCountry "CAN"]
[SourceTitle "EXT 2022"]
[Source "ChessBase"]
[SourceDate "2021.10.06"]
[SourceVersion "1"]
[SourceVersionDate "2021.10.06"]
[SourceQuality "1"]

1. e4 g6 2. d4 Bg7 3. Nf3 d6 4. Bc4 e6 5. 0-0 h6 6. Qe2 a6 7. c3 Nd7 8. Be3 Ne7 9. Nbd2 b6 10. Rad1 Bb7 11. Rfe1 Nf6 12. Qd3 Nxe4 13. Nxe4 d5 14. Ned2 dxc4 15. Qxc4 Nd5 16. Ne5 0-0 17. Ndf3 Nxe3 18. Rxe3 Qd6 19. Rde1 b5 20. Qd3 Bd5 21. b3 Rad8 22. c4 bxc4 23. bxc4 Bxf3 24. Nxf3 Bxd4 25. Nxd4 c5 26. Rxe6 Qxd4 27. Qxd4 cxd4 28. Rxa6 d3 29. c5 Rfe8 30. Rd1 Rc8 31. Rd6 Rxc5 32. R6xd3 Re2 33. a3 Rcc2 34. Rf3 Kf8 35. Kf1 Ra2 36. h4 Re4 37. g3 h5 38. Rd7 Ra1+ 39. Kg2 Re7 40. Rxe7 Kxe7 41. Rb3 Ke6 42. Kf3 Ra2 43. Ke3 Kd5 44. Rb5+ Kc6 45. Ra5 Kb6 46. Ra4 Rc2 47. f3 Rc3+ 48. Kf4 f6 49. g4 hxg4 50. fxg4 Kb5 51. Rb4+ Kc5 52. h5 gxh5 53. gxh5 Rxa3 54. Rb1 Rh3 55. Kg4 Rh2 56. Rf1 Kd6 57. Rxf6+ Ke7 58. Rf1 Ke6 59. Kg5 Rg2+ 60. Kh6 Ke7 61. Kh7 Rg3 62. h6 Rg4 63. Kh8 Rg5 64. h7 Rg6 65. Ra1 Rg3 66. Ra8 Kf7 67. Rg8 Rh3 68. Rg1 Rf3 69. Ra1 Rf5 70. Ra7+ Kf8 1/2-1/2

[Event "Montreal Mercredi 02"]
[Site "Montreal"]
[Date "2011.03.16"]
[Round "4"]
[White "Brassard, Sylvain"]
[Black "Pilotte, Benoit"]
[Result "1/2-1/2"]
[WhiteElo "1807"]
[BlackElo "1782"]
[PlyCount "66"]
[EventDate "2011.02.23"]
[EventType "tourn"]
[EventRounds "5"]
[EventCountry "CAN"]
[SourceTitle "EXT 2013"]
[Source "ChessBase"]
[SourceDate "2012.11.22"]
[SourceVersion "1"]
[SourceVersionDate "2012.11.22"]
[SourceQuality "1"]

1. d4 g6 2. g3 Bg7 3. Bg2 d6 4. e4 e6 5. Nf3 h6 6. Nc3 a6 7. 0-0 Nd7 8. Be3 Ne7 9. Qd2 b6 10. Ne1 Bb7 11. Nd3 Rb8 12. f4 Nf6 13. h3 Qc8 14. Rae1 d5 15. exd5 Nfxd5 16. Nxd5 Nxd5 17. Bf2 Ne7 18. Bxb7 Qxb7 19. Qe2 Rd8 20. c3 h5 21. Ne5 Bxe5 22. fxe5 Nf5 23. Kh2 Rd7 24. Be3 h4 25. gxh4 Nxe3 26. Qxe3 Rxh4 27. Qg5 Rh5 28. Qf6 Rh7 29. Rf4 c5 30. Ref1 cxd4 31. Rh4 Rxh4 32. Qxh4 dxc3 33. Qh8+ Ke7 1/2-1/2

[Event "Montreal Mercredi 01"]
[Site "Montreal"]
[Date "2011.02.08"]
[Round "5"]
[White "Pregent, Daniel"]
[Black "Pilotte, Benoit"]
[Result "1/2-1/2"]
[WhiteElo "1795"]
[BlackElo "1759"]
[PlyCount "60"]
[EventDate "2011.01.12"]
[EventType "tourn"]
[EventRounds "5"]
[EventCountry "CAN"]
[SourceTitle "EXT 2013"]
[Source "ChessBase"]
[SourceDate "2012.11.22"]
[SourceVersion "1"]
[SourceVersionDate "2012.11.22"]
[SourceQuality "1"]

1. d4 d6 2. Nf3 g6 3. c4 Bg7 4. h3 b6 5. Nc3 Nd7 6. e4 Bb7 7. Be2 a6 8. 0-0 e5 9. d5 Qe7 10. Be3 Rc8 11. b4 Ngf6 12. Rc1 0-0 13. Nd2 c6 14. Qb3 c5 15. b5 a5 16. Qb1 Rce8 17. Na4 Qd8 18. Rc3 h6 19. Rb3 Qc7 20. Nb2 Bc8 21. a4 Kh7 22. Qd1 Qd8 23. g3 Qe7 24. Kg2 Rh8 25. Nd3 Kg8 26. Ne1 Kh7 27. Kh2 Rhg8 28. Ng2 Kh8 29. Nh4 Nf8 30. Bf3 N8d7 1/2-1/2

[Event "Montreal Mercredi 01"]
[Site "Montreal"]
[Date "2011.01.26"]
[Round "3"]
[White "Brassard, Sylvain"]
[Black "Pilotte, Benoit"]
[Result "1-0"]
[WhiteElo "1798"]
[BlackElo "1759"]
[PlyCount "99"]
[EventDate "2011.01.12"]
[EventType "tourn"]
[EventRounds "5"]
[EventCountry "CAN"]
[SourceTitle "EXT 2013"]
[Source "ChessBase"]
[SourceDate "2012.11.22"]
[SourceVersion "1"]
[SourceVersionDate "2012.11.22"]
[SourceQuality "1"]

1. d4 d6 2. g3 g6 3. Bg2 Bg7 4. e4 c5 5. Ne2 Nc6 6. Be3 Qb6 7. Nbc3 cxd4 8. Nd5 Qa5+ 9. b4 Qd8 10. Nxd4 e6 11. Nxc6 bxc6 12. Nf4 Bc3+ 13. Bd2 Bxa1 14. Qxa1 e5 15. 0-0 h5 16. h4 Rb8 17. c4 Rh7 18. Nd3 Ba6 19. Qc3 f6 20. a4 Bb7 21. c5 Ba6 22. cxd6 Bxd3 23. Qxd3 Rd7 24. Qc4 Kf8 25. Be3 Kg7 26. Bc5 Nh6 27. Bh3 f5 28. Qe6 Qe8 29. exf5 Nxf5 30. Bxf5 gxf5 31. Qxf5 Rf7 32. Qg5+ Kh8 33. Qxh5+ Rh7 34. Qxe8+ Rxe8 35. a5 Rg8 36. Kh2 a6 37. Re1 Re8 38. f4 e4 39. Bd4+ Kg8 40. Be5 Rd7 41. Rc1 e3 42. Kg2 Kf7 43. Kf1 Ke6 44. Rxc6 Kd5 45. Rc7 Rxc7 46. dxc7 Ke4 47. Ke2 Rg8 48. Bg7 Rc8 49. Be5 Rg8 50. h5 1-0

[Event "Montreal Pere Noel op"]
[Site "Montreal"]
[Date "2010.12.29"]
[Round "4"]
[White "Pilotte, Benoit"]
[Black "Gagnon, Serge"]
[Result "0-1"]
[WhiteElo "1744"]
[BlackElo "2034"]
[PlyCount "82"]
[EventDate "2010.12.26"]
[EventType "swiss"]
[EventRounds "5"]
[EventCountry "CAN"]
[SourceTitle "EXT 2013"]
[Source "ChessBase"]
[SourceDate "2012.11.22"]
[SourceVersion "1"]
[SourceVersionDate "2012.11.22"]
[SourceQuality "1"]

1. g4 d5 2. Bg2 c6 3. h3 f5 4. gxf5 Bxf5 5. e4 dxe4 6. Nc3 Nf6 7. Nge2 e6 8. Ng3 Bc5 9. Qe2 Bb6 10. Ncxe4 Nxe4 11. Bxe4 0-0 12. d3 Bxf2+ 13. Qxf2 Bxe4 14. Nxe4 Rxf2 15. Kxf2 Qd4+ 16. Ke2 Nd7 17. Bd2 Qxb2 18. Rab1 Qe5 19. Rxb7 Nc5 20. Rb4 Rf8 21. Be3 Qh5+ 22. Kd2 Nxe4+ 23. Rxe4 Qa5+ 24. Ke2 Qh5+ 25. Rg4 Rf6 26. Rb1 Qxh3 27. Rb8+ Rf8 28. Rxf8+ Kxf8 29. Rf4+ Ke8 30. Bxa7 g5 31. Re4 h5 32. a4 Kf7 33. a5 Qf5 34. Bb6 Qb5 35. Bc7 Qb7 36. Bd8 g4 37. Kf2 Qb8 38. Bb6 Qh2+ 39. Kf1 Qxc2 40. Rd4 Kg6 41. Bd8 Qd1+ 0-1

[Event "Sherbrooke op"]
[Site "Sherbrooke"]
[Date "2010.05.30"]
[Round "4"]
[White "Pilotte, Benoit"]
[Black "Kraiouchkine, Nikita"]
[Result "0-1"]
[WhiteElo "1752"]
[BlackElo "2208"]
[PlyCount "44"]
[EventDate "2010.05.28"]
[EventType "swiss"]
[EventRounds "5"]
[EventCountry "CAN"]
[SourceTitle "EXT 2022"]
[Source "ChessBase"]
[SourceDate "2021.10.06"]
[SourceVersion "1"]
[SourceVersionDate "2021.10.06"]
[SourceQuality "1"]

1. g4 d5 2. Bg2 c6 3. h3 g6 4. d4 Bg7 5. Nf3 Nf6 6. Nc3 0-0 7. Bf4 Qb6 8. b3 Nbd7 9. 0-0 h5 10. Nh2 hxg4 11. hxg4 Re8 12. Be3 Qb4 13. Qd3 e5 14. g5 Nh5 15. Nxd5 cxd5 16. Bxd5 Qd6 17. c4 exd4 18. Ng4 Nc5 19. Nh6+ Kh7 20. Nxf7 Qxd5 21. cxd5 Nxd3 22. Bxd4 Bxd4 0-1

[Event "Montreal Saturday op 10"]
[Site "Montreal"]
[Date "2009.11.04"]
[Round "5"]
[White "Dumont, Felix"]
[Black "Pilotte, Benoit"]
[Result "1-0"]
[WhiteElo "1844"]
[BlackElo "1805"]
[PlyCount "65"]
[EventDate "2009.10.07"]
[EventType "tourn"]
[EventRounds "5"]
[EventCountry "CAN"]
[SourceTitle "EXT 2011"]
[Source "ChessBase"]
[SourceDate "2010.11.26"]
[SourceVersion "1"]
[SourceVersionDate "2010.11.26"]
[SourceQuality "1"]

1. e4 g6 2. d4 Bg7 3. c4 c5 4. Nf3 Qb6 5. Nc3 cxd4 6. Nd5 Qa5+ 7. b4 Qd8 8. Nxd4 e6 9. Ne3 Ne7 10. Rb1 d5 11. cxd5 exd5 12. exd5 Nxd5 13. Bb5+ Kf8 14. Bc4 Nc7 15. Bb2 Nd7 16. Nb5 Nxb5 17. Bxb5 Qe7 18. 0-0 Bxb2 19. Rxb2 Qe5 20. Qe2 a6 21. Bc4 Nb6 22. Bb3 Be6 23. Bxe6 Qxe6 24. Qf3 Qe7 25. Rd1 Re8 26. h3 Kg7 27. Qg4 Qe5 28. Rc2 Re7 29. Rc5 Qe6 30. Nf5+ Kf8 31. Nxe7 Qxe7 32. Qd4 f6 33. Qd8+ 1-0

[Event "Montreal Saturday op 10"]
[Site "Montreal"]
[Date "2009.10.28"]
[Round "4"]
[White "Pilotte, Benoit"]
[Black "Lacroix, Serge"]
[Result "1-0"]
[WhiteElo "1805"]
[BlackElo "1860"]
[PlyCount "83"]
[EventDate "2009.10.07"]
[EventType "tourn"]
[EventRounds "5"]
[EventCountry "CAN"]
[SourceTitle "EXT 2011"]
[Source "ChessBase"]
[SourceDate "2010.11.26"]
[SourceVersion "1"]
[SourceVersionDate "2010.11.26"]
[SourceQuality "1"]

1. e4 e5 2. Nc3 Nf6 3. f4 d6 4. Nf3 Nc6 5. Bb5 Bg4 6. fxe5 dxe5 7. Bxc6+ bxc6 8. 0-0 Bc5+ 9. Kh1 Qe7 10. d3 Rb8 11. h3 Bh5 12. Qe1 h6 13. Qg3 Bxf3 14. Rxf3 g5 15. Rf5 Bd6 16. Qf2 Nh5 17. Qxa7 Kd7 18. Qf2 Nf4 19. g3 Nxh3 20. Qf1 Nf4 21. gxf4 gxf4 22. Qh3 Kd8 23. Qh5 Rh7 24. a3 Kc8 25. b4 Kb7 26. Bd2 Rg8 27. Be1 Rhg7 28. Bf2 f6 29. b5 Rg5 30. bxc6+ Kxc6 31. Qf3 Qf7 32. Ne2 h5 33. Nxf4 Rxf5 34. exf5+ Kd7 35. Ng6 Re8 36. Qe4 Qh7 37. Rb1 Qh6 38. Be3 Qh7 39. Qa4+ c6 40. Rb7+ Bc7 41. Rxc7+ Kxc7 42. Qa7+ 1-0

[Event "Sherbrooke op A"]
[Site "Sherbrooke"]
[Date "2007.05.27"]
[Round "5"]
[White "Pilotte, Benoit"]
[Black "Furger, Josef"]
[Result "1-0"]
[WhiteElo "1846"]
[BlackElo "1213"]
[PlyCount "52"]
[EventDate "2007.05.25"]
[EventType "swiss"]
[EventRounds "5"]
[EventCountry "CAN"]
[SourceTitle "EXT 2022"]
[Source "ChessBase"]
[SourceDate "2021.10.06"]
[SourceVersion "1"]
[SourceVersionDate "2021.10.06"]
[SourceQuality "1"]

1. e4 c5 2. Nf3 Nc6 3. d4 cxd4 4. Nxd4 e5 5. Nb5 d6 6. N1c3 a6 7. Na3 Nf6 8. Bg5 h6 9. Bxf6 Qxf6 10. Nd5 Qg6 11. Nc7+ Kd8 12. Nxa8 Qxe4+ 13. Qe2 Qd4 14. Nc4 Qa7 15. Nab6 Be6 16. c3 f6 17. 0-0-0 Be7 18. Nxd6 Kc7 19. Ndc4 Bc5 20. Nd5+ Kb8 21. Nce3 h5 22. g3 Bg4 23. Nxg4 hxg4 24. Qxg4 b5 25. Qe6 Nd8 26. Qf5 Rh5 1-0

[Event "Sherbrooke op A"]
[Site "Sherbrooke"]
[Date "2007.05.26"]
[Round "2"]
[White "Kraiouchkine, Nikita"]
[Black "Pilotte, Benoit"]
[Result "1-0"]
[WhiteElo "1846"]
[BlackElo "2186"]
[PlyCount "63"]
[EventDate "2007.05.25"]
[EventType "swiss"]
[EventRounds "5"]
[EventCountry "CAN"]
[SourceTitle "EXT 2022"]
[Source "ChessBase"]
[SourceDate "2021.10.06"]
[SourceVersion "1"]
[SourceVersionDate "2021.10.06"]
[SourceQuality "1"]

1. e4 g6 2. d4 Bg7 3. Nc3 d6 4. g3 c6 5. a4 Qb6 6. Nge2 Bg4 7. a5 Qc7 8. Bg2 e5 9. Be3 Ne7 10. h3 Bd7 11. 0-0 Na6 12. Qd2 f5 13. Rfd1 fxe4 14. d5 c5 15. Bg5 Nf5 16. g4 e3 17. fxe3 h6 18. gxf5 hxg5 19. e4 Bh6 20. Rf1 g4 21. Qd3 gxh3 22. Nb5 Bxb5 23. Qxb5+ Ke7 24. f6+ Kf7 25. Bxh3 Be3+ 26. Kg2 Rxh3 27. Kxh3 Nb4 28. Kg2 Nxc2 29. Qd3 Nxa1 30. Qxe3 Nc2 31. Qh6 Qd7 32. Qg7+ 1-0

[Event "Sherbrooke-opB"]
[Site "Sherbrooke"]
[Date "2005.05.28"]
[Round "2"]
[White "Paquette, Benoit"]
[Black "Pilotte, Benoit"]
[Result "1/2-1/2"]
[WhiteElo "1570"]
[BlackElo "1715"]
[PlyCount "51"]
[EventDate "2005.05.27"]
[EventType "swiss"]
[EventRounds "5"]
[EventCountry "CAN"]
[SourceTitle "CBM 106 Extra"]
[Source "ChessBase"]
[SourceDate "2005.07.01"]
[SourceVersion "1"]
[SourceVersionDate "2005.07.01"]
[SourceQuality "1"]

1. Nf3 g6 2. g3 Bg7 3. Bg2 d5 4. 0-0 e5 5. d3 Bg4 6. h3 Be6 7. Nbd2 Nc6 8. c3 Qd7 9. Ng5 0-0-0 10. c4 dxc4 11. Nxe6 Qxe6 12. Nxc4 f5 13. Qb3 Kb8 14. Be3 Nge7 15. Rac1 f4 16. Bc5 Nd5 17. Nd6 Rxd6 18. Bxd6 Qxd6 19. Rxc6 Qxc6 20. Bxd5 Qb6 21. Qxb6 axb6 22. Be4 c6 23. Rc1 b5 24. g4 Bf6 25. b3 Kc7 26. Rc2 1/2-1/2

[Event "Mauricie U1800 op"]
[Site "Trois Rivieres"]
[Date "2005.03.20"]
[Round "4"]
[White "Tremblay, Dominique"]
[Black "Pilotte, Benoit"]
[Result "0-1"]
[WhiteElo "1605"]
[BlackElo "1778"]
[PlyCount "60"]
[EventDate "2005.03.18"]
[EventType "swiss"]
[EventRounds "5"]
[EventCountry "CAN"]
[SourceTitle "EXT 2022"]
[Source "ChessBase"]
[SourceDate "2021.10.06"]
[SourceVersion "1"]
[SourceVersionDate "2021.10.06"]
[SourceQuality "1"]

1. d4 Nf6 2. Nf3 d6 3. Bf4 c5 4. c3 Qb6 5. Qb3 Be6 6. Qxb6 axb6 7. Nbd2 Rxa2 8. Rxa2 Bxa2 9. b3 Nd5 10. Bxd6 exd6 11. Kd1 Bxb3+ 12. Nxb3 Nxc3+ 13. Kc2 Ne4 14. e3 Be7 15. Bb5+ Kd8 16. Ra1 Kc7 17. Bc4 Nc6 18. Nbd2 Nb4+ 19. Kb3 Nxd2+ 20. Nxd2 d5 21. Be2 c4+ 22. Kc3 b5 23. e4 dxe4 24. Nxe4 Nd5+ 25. Kc2 f5 26. Ng3 g6 27. Bf3 Nb4+ 28. Kc3 Nd3 29. Ra7 Bb4+ 30. Kc2 Ne1+ 0-1

[Event "Sherbrooke Perpetuelles 1-6"]
[Site "Sherbrooke"]
[Date "2004.09.17"]
[Round "2"]
[White "Pilotte, Benoit"]
[Black "Mercier, Andre"]
[Result "0-1"]
[WhiteElo "1798"]
[BlackElo "1742"]
[PlyCount "48"]
[EventDate "2004.??.??"]
[EventType "swiss"]
[EventRounds "6"]
[EventCountry "CAN"]
[SourceTitle "EXT 2006"]
[Source "ChessBase"]
[SourceDate "2005.11.24"]
[SourceVersion "1"]
[SourceVersionDate "2005.11.24"]
[SourceQuality "1"]

1. d4 d5 2. e4 dxe4 3. Nc3 e6 4. f3 e3 5. Bxe3 Nf6 6. Bd3 Nbd7 7. Qe2 Bb4 8. a3 Bxc3+ 9. bxc3 c5 10. Bd2 Qb6 11. f4 cxd4 12. cxd4 Qxd4 13. c3 Qd6 14. c4 Nc5 15. Bc2 b6 16. Rd1 Bb7 17. Bb4 Qc7 18. Nf3 0-0 19. 0-0 Rad8 20. Bc3 Rxd1 21. Rxd1 Qxf4 22. Rf1 Ng4 23. Be5 Bxf3 24. Rxf3 Qxe5 0-1